Métodos rápidos para la detección de resistencia en Mycobacterium tuberculosis en Cuba

保存先:
書誌詳細
第一著者: Lemus Molina, Dihadenys
団体著者: e-libro, Corp
その他の著者: Montoro Cardoso, Ernesto (tut.)
フォーマット: eBook
言語:スペイン語
出版事項: Ciudad de La Habana : Editorial Universitaria, 2007.
主題:
オンライン・アクセス:https://elibro.unach.elogim.com/es/lc/unach/titulos/90186
タグ: タグ追加
タグなし, このレコードへの初めてのタグを付けませんか!

MARC

LEADER 00000nam a2200000 a 4500
001 ELB90186
003 FlNmELB
006 m o d |
007 cr cn|||||||||
008 201204r2007 cu |||||s|||||||||||spa d
020 |z 9789591614636 
035 |a (MiAaPQ)EBC3197232 
035 |a (Au-PeEL)EBL3197232 
035 |a (CaPaEBR)ebr10535987 
035 |a (OCoLC)1010546397 
040 |a FlNmELB  |b spa  |c FlNmELB 
050 4 |a R117  |b L562 2007 
080 |a 61(043.2) 
082 0 4 |a 610  |2 22 
100 1 |a Lemus Molina, Dihadenys. 
245 1 0 |a Métodos rápidos para la detección de resistencia en Mycobacterium tuberculosis en Cuba  |h [recurso electronico] /  |c Dihadenys Lemus Molina ; tutor: Ernesto Montoro Cardoso. 
260 |a Ciudad de La Habana :  |b Editorial Universitaria,  |c 2007. 
300 |a 128 p. 
533 |a Recurso electrónico. Santa Fe, Arg.: e-libro, 2015. Disponible vía World Wide Web. El acceso puede estar limitado para las bibliotecas afiliadas a e-libro. 
650 4 |a Medicine. 
650 4 |a Medicina. 
655 4 |a Libros electrónicos. 
700 1 |a Montoro Cardoso, Ernesto,   |e tut. 
710 2 |a e-libro, Corp. 
856 4 0 |u https://elibro.unach.elogim.com/es/lc/unach/titulos/90186